House price index: August 2004 (Record no. 118137)

MARC details
000 -LEADER
fixed length control field 01054cam a2200217 4500
001 - CONTROL NUMBER
control field WB@3612-463
008 - FIXED-LENGTH DATA ELEMENTS--GENERAL INFORMATION
fixed length control field 041012n2004 000 0 eng u
035 ## - SYSTEM CONTROL NUMBER
System control number (Sirsi) u127665
245 ## - TITLE STATEMENT
Title House price index: August 2004
260 ## - PUBLICATION, DISTRIBUTION, ETC.
Date of publication, distribution, etc. 2004
490 ## - SERIES STATEMENT
Series statement ODPM Statistical Release
Volume/sequential designation (2004/0239) 11 October 2004 (3)
520 ## - SUMMARY, ETC.
Summary, etc. The mix-adjusted average house price in the UK in August 2004 stood at £179 486, according to the ODPM's "House price index: August 2004". The rise in prices was across the board and not just in one sector - detached properties rose in price by 1.5%, semi-detached by 1%, terraced houses by 0.9% and flats by 1%. UK annual house price inflation in that month was 13.6%, down from 14.3% in July. Further details are available from the website. http://www.odpm.gov.uk/pns/displaypn.cgi?pn_id=200 4_0239
590 ## - LOCAL NOTE (RLIN)
Local note WB
590 ## - LOCAL NOTE (RLIN)
Local note WB
650 ## - SUBJECT ADDED ENTRY--TOPICAL TERM
Topical term or geographic name entry element HOUSE PRICE INDEX
650 ## - SUBJECT ADDED ENTRY--TOPICAL TERM
Topical term or geographic name entry element HOUSE PRICE INFLATION
650 ## - SUBJECT ADDED ENTRY--TOPICAL TERM
Topical term or geographic name entry element INTEREST RATES
650 ## - SUBJECT ADDED ENTRY--TOPICAL TERM
Topical term or geographic name entry element HOUSING-MARKET
690 ## - LOCAL SUBJECT ADDED ENTRY--TOPICAL TERM (OCLC, RLIN)
Topical term or geographic name as entry element HOUSING-HOUSE PRICES
942 ## - ADDED ENTRY ELEMENTS (KOHA)
Suppress in OPAC 0
Holdings
Withdrawn status Lost status Source of classification or shelving scheme Damaged status Not for loan Home library Current library Shelving location Date acquired Total Checkouts Full call number Barcode Date last seen Copy number Price effective from Koha item type
    Dewey Decimal Classification     London London News article 12/10/2004   WB4039-06 127665-1001 06/08/2019 1 06/08/2019 News article